[Event "EU-ch 2nd"]
[Site "Ohrid"]
[Date "2001.06.04"]
[Round "4"]
[White "Korobov, Anton"]
[Black "Iordachescu, Viorel"]
[Result "1/2-1/2"]
[WhiteElo "2401"]
[BlackElo "2589"]
[Annotator "Rabinovich,Al"]
[PlyCount "137"]
[EventDate "2001.06.01"]
[EventType "swiss"]
[EventRounds "13"]
[EventCountry "YUG"]
[SourceTitle "CBM 084"]
[Source "ChessBase"]
[SourceDate "2001.09.13"]
[SourceVersion "1"]
[SourceVersionDate "2001.09.13"]
[SourceQuality "1"]

1. d4 {[%mdl 12608]} Nf6 2. c4 e6 3. Nf3 b6 4. g3 Ba6 5. Nbd2 {More popular
nowdays are: 5.b3 or 5.Qa4} d5 (5... Bb4 $5 {[%cal Ga6c4]} 6. Qc2 Bb7 7. Bg2
Be4 $1 8. Qd1 (8. Qb3 Bxd2+ 9. Bxd2 O-O 10. O-O d6 11. Rfd1 Nbd7 12. Rac1 h6
13. Bh3 Re8 14. Be3 a5 15. Nd2 $14 {[%cal Gf2f3,Ge3f2,Ge2e4] 1-0 Nikolic,
P-Adams,M/Wijk aan Zee NED 2000/The Week in Chess 273 (45)}) 8... O-O 9. O-O
Bxd2 10. Qxd2 d6 11. b3 Nbd7 12. Bb2 a5 13. Rfd1 a4 14. Bh3 Bxf3 15. exf3 d5
16. f4 g6 17. Bf1 c6 18. Qc2 axb3 19. axb3 Qc7 20. Rac1 Rfc8 21. b4 dxc4 22.
Bxc4 Qd6 23. Qb3 {1/2-1/2 Ivanchuk,V-Anand,V/Monaco MNC 2001/The Week in Chess
333 (23)}) (5... c5 6. Bg2 Bb7 7. e4 cxd4 8. O-O d6 9. Nxd4 Qd7 10. a4 Nc6 11.
Nxc6 Bxc6 12. b4 Be7 13. b5 Bb7 14. a5 $14 {1-0 Tregubov,P-Solozhenkin,E/Paris
1999/EXT 2000 (33)}) 6. Bg2 Be7 7. O-O O-O 8. b3 $6 {This move doesn't promise
white much.Better chance to fight for opening advantage is 8.cd5.} (8. cxd5
exd5 9. Ne5 Bb7 10. b3 a5 11. Bb2 Na6 12. Rc1 c5 13. Nd3 Re8 14. Nf4 cxd4 15.
Nf3 $14 {1/2-1/2 Khalifman,A-Leko,P/New Delhi/Theran 2000/CBM 80 (49)}) 8... c5
$1 9. Bb2 (9. dxc5 Bxc5 10. Bb2 Nbd7 $11) 9... Nc6 10. Rc1 Rc8 $11 11. dxc5
bxc5 12. cxd5 (12. Ne5 Nxe5 13. Bxe5 $11) 12... exd5 13. Re1 Re8 14. e4 $2 {
This move brings white nothing,but a trubble.Weakness on d3 can't be defended
and white is forced to make next 4 moves just not to loose by force.} (14. Bxf6
Bxf6 15. Rxc5 Qe7 16. Rxd5 Nb4 {[%cal Gb4d5,Gb4c2,Gb4a2,Ga2c3]} 17. e4 $5 Nxd5
18. exd5 Qb4 $15) 14... Nb4 $1 {[%cal Gb4a2,Gb4d3,Gd3c1,Gd3e1,Gd3b2]} 15. e5 (
15. exd5 Nd3 16. Bxf6 Nxe1 17. Bxe7 Nxf3+ 18. Qxf3 Qxe7 19. Ne4 c4 {And it
seems like white didn't get enough compensation for the exchange.}) 15... Nd7 {
The best practical move.Not getting to any complication,black still threats to
play Nd3...} (15... Ng4 $5) 16. e6 fxe6 17. Rxe6 {[%cal Ge6a6] Avoiding Nd3,
attacking the Ba6.} Nf8 $1 {Very sharp move.Forcing white R to move from the 6
rank.} 18. Bh3 $8 {Both sides play very well.In very complicated position full
of tactics,players find the best moves to stay in the game.} (18. Re3 d4 19.
Re4 Bb7 20. Re2 Nxa2 21. Ra1 Nc3 $19) 18... Rc6 $6 (18... Rc7 $5 19. Be5 (19.
a3 Bc8 20. Re3 Bxh3 21. axb4 cxb4 $17) 19... Nxe6 20. Bxe6+ Kh8 21. Bxc7 Qxc7
$17 {[%csl Ga6,Rd3,Ge7][%cal Ge7f6]}) 19. Nd4 $2 (19. Rxc6 Nxc6 20. a3 $11)
19... Rb6 20. Rxb6 Qxb6 (20... axb6 21. Ne6 Nxe6 22. Bxe6+ Kh8 23. Qh5 $132)
21. Nf5 (21. Qh5 $5 g6 (21... Qg6 22. Qxg6 hxg6 23. Ne6 {[%cal Ge6c7]} Nxe6 24.
Bxe6+ Kh7 $17 {[%cal Gb4d3,Gb4a2,Ge7g5,Gg5d2,Ge8e6]}) 22. Qe5 {[%cal Gb2h8]}
Qf6 23. Qxf6 Bxf6 24. Rxc5 $8 Re1+ 25. Kg2 (25. Nf1 Re4 26. Ne3 Bxd4 27. Bxd4
Rxd4 28. a3 Nd3 29. Ra5 Bb7 30. Rxa7 Bc6 31. Rc7 $44 {[%csl Rd5][%cal Gh3g2]})
25... Rd1 $17) 21... Bf6 22. Qh5 {White is trying to complicate the game as
much as possible.} g6 (22... Bxb2 $4 23. Qxe8 Bxc1 24. Ne7+ Kh8 25. Qxf8#) (
22... Re2 $1 {Probably the quickest way to win the game.} 23. Bxf6 Qxf6 24. Rd1
Nxa2 $19 {[%cal Ga2c3]}) 23. Nh6+ Kg7 24. Nf5+ Kh8 25. Bxf6+ Qxf6 26. Qh6 $2 {
Dreaming of attack?! Now white position is crushing to pieces.White Q+N+B find
themselves out of the game and not only that in many variations they are
nothing but hanging pieces and not an attacking resource.} (26. Qh4 $5 {
The best try to hold the position.White had to stop thinking of initiative and
to try to simplifise the position,by exchanging the queens.} Qxh4 27. Nxh4 Nd3
28. Rd1 c4 29. bxc4 dxc4 30. Bf1 {[%cal Gh4f3] With good chances to survive.})
26... Nd3 $17 27. Rd1 Nd7 $6 {[%cal Gg6f5]} (27... Re6 $1 {[%cal Gg6f5]} 28.
Nh4 Qxf2+ 29. Kh1 Re2 30. Ndf3 Kg8 {[%cal Gf2e3,Gg8f8]} 31. Rf1 Qe3 32. Qxe3
Rxe3 $19) (27... Bc8 $1 28. g4 Bxf5 29. gxf5 Qd4 {[%csl Rf2]} 30. Rf1 Qf4 $1
31. Qxf4 Nxf4 32. Bg4 h5 33. Bf3 gxf5 34. Rc1 N8e6 $19) 28. Nh4 N7e5 $4 {
Between so many options for win black chooses the one which doesn't surve the
goal.It is like black doen't want to calculate any tactics and to win the
quiet way....} (28... Qxf2+ $1 29. Kh1 Qe2 {[%cal Gd3f2,Ge2d1]} 30. Rf1 Nf2+
31. Rxf2 Qxf2 $19) (28... Nxf2 $1 29. Bxd7 Nxd1 30. Bxe8 Qf2+ 31. Kh1 Qe1+ 32.
Kg2 Bf1+ 33. Nxf1 (33. Kf3 Qe2+ 34. Kf4 Qe3+ 35. Kg4 Nf2#) 33... Qe2+ 34. Kh3
Nf2+ 35. Kg2 Ng4+ 36. Kh3 Nxh6 $19) 29. Bf5 $1 {White is on the top.He is
finding the only move to stay in the game.} Kg8 $2 {And again,29...Nf2 was
good.} (29... Nxf2 30. Re1 {[%cal Gh4g6]} (30. Kxf2 Ng4+ $19 {[%cal Gg4f2,
Gg4h6]}) 30... Kg8 $19) 30. Bxd3 Nxd3 31. Ndf3 c4 (31... Re2 $17 {[%cal Ge2f2,
Ge2a2]}) 32. bxc4 dxc4 33. Qd2 c3 $6 (33... Bb7 $1 34. Ne1 Nxe1 35. Rxe1 Rxe1+
36. Qxe1 Qc6 37. f3 c3 $19 {[%csl Rh4]}) 34. Qc2 g5 $5 (34... Rc8 $17) 35. Nxg5
$1 Qxg5 36. Qb3+ Kf8 37. Qxc3 $44 {[%csl Rf8]} Qe5 $5 38. Qa3+ {[%cal Ga3a6,
Ga3f8]} (38. Rxd3 $4 Bxd3 39. Qxd3 Qe1+ 40. Kg2 Qe4+ 41. Qxe4 Rxe4 $19) 38...
Nc5 39. Rc1 Rc8 40. Nf3 Qd5 41. Qe3 Bb7 $1 42. Rc3 Ne6 43. Rxc8+ Bxc8 {[%cal
Gc8b7] Black succeded to exchange few pieces and now it is the matter of
technic.White looses another pawn,due to black's threat 44...Bb7.} 44. Ne5 Bb7
45. f3 Qxa2 $17 46. Qh6+ Kg8 47. Qf6 Qb1+ 48. Kg2 Qc2+ 49. Kh3 Qc8 $1 {
Defending against all white threats.} 50. Qf7+ Kh8 51. Qf6+ Ng7+ 52. g4 Bd5 {
[%csl Gf7]} 53. Qd6 Be6 54. Qa3 a6 55. Qa5 Bg8 {[%cal Gh7h5]} 56. f4 Qe6 $6 {
[%csl Rh3]} (56... h5 $1 57. Kg3 hxg4 58. Nxg4 Nf5+ 59. Kh3 Be6 $19) 57. f5
Qb3+ 58. Kh4 Qe3 $1 {When you are material up,you have to attack!!} 59. h3 $6 {
Loosing by force.} (59. Qc7 Qh6+ 60. Kg3 Qg5 61. Kf3 $17) 59... Ne8 $6 {
Step by step black is loosing all his positional and later also material
advantage.} (59... Qf4 $1 {[%cal Gg7f5]} 60. Nd7 h6 {[%cal Gf4f2]} 61. Qc5 Qd2
{[%cal Gd2e1]} 62. Qe5 Bf7 $22 (62... Qxd7 63. f6 Qf7 64. fxg7+ Qxg7 $19) 63.
Nf6 (63. Nf8 Kg8 $19) 63... Nxf5+ 64. Qxf5 Qe1+ 65. Qf2 Qxf2#) 60. Qa1 $1 Qh6+
61. Kg3 Qf6 (61... Qd6 62. Kh4 Ng7 $17) 62. h4 $1 {Very good move.White is not
waiting anymore when black is going to find the right plan,but gains some
initiative himself.} h6 63. Kf4 {[%cal Gg4g5]} Bh7 64. Qa4 Qe7 (64... Nd6 $5
65. Qd4 {[%cal Ge5f7]} (65. Qxa6 $6 Bxf5 66. g5 Bd3+ 67. gxf6 Bxa6 $19) 65...
Kg8 66. Qd5+ Kg7 67. Nd7 Qb2 $44 {[%csl Gf5,Gg4,Rg7,Gh4]}) 65. g5 $44 {White
was dreaming of position like that.Black extra piece is not felt,while white
pawns step by step almost reached the black K.} hxg5+ 66. hxg5 Nd6 {Black
finds nothing better,but to give up the extra piece and the game ends as a
draw.} 67. g6 Qf6 (67... Bg8 $4 68. Qd4 {[%csl Rh8][%cal Ge5f7]} Qf6 (68...
Qh4+ 69. Ng4+) 69. Nf7+ Kg7 70. Qxf6+ Kxf6 71. Nxd6 $18) 68. Qc2 $6 {Again not
the best way for a draw.} (68. Qd4 $1 Qxf5+ 69. Kg3 Ne4+ 70. Kg2 $11) 68...
Qxf5+ $6 (68... Bg8 69. Ng4 (69. Qd3 $1 $44 {[%cal Ge5g4]}) 69... Qd4+ 70. Kg3
Bd5 71. Qh2+ Kg8 72. Qh7+ Kf8 73. Qh6+ Ke8 $17 74. Qe3+ $2 Kd8 $2 (74... Qxe3+
$1 75. Nxe3 Bb3 $1 {[%csl Gc2,Gc4,Gd1,Gd5,Re3]} 76. Kf4 a5 77. Ke5 a4 78. Kd4
Nb5+ 79. Kd3 a3 80. Nc2 Ke7 81. Na1 Bd5 $19) 75. Qxd4 Nxf5+ 76. Kf4 Nxd4 77.
Ke5 $11) 69. Qxf5 1/2-1/2

[Event "EST-ch int"]
[Site "Puhajarve"]
[Date "2001.08.16"]
[Round "9"]
[White "Kanep, Meelis"]
[Black "Zjukin, Sergei"]
[Result "1-0"]
[WhiteElo "2318"]
[BlackElo "2415"]
[Annotator "Rabinovich,Al"]
[PlyCount "93"]
[EventDate "2001.08.08"]
[EventType "tourn"]
[EventRounds "11"]
[EventCountry "EST"]
[EventCategory "9"]
[SourceTitle "CBM 085"]
[Source "ChessBase"]
[SourceDate "2001.11.13"]
[SourceVersion "1"]
[SourceVersionDate "2001.11.13"]
[SourceQuality "1"]

1. d4 Nf6 2. Nf3 e6 3. c4 b6 4. g3 Ba6 5. b3 Bb4+ 6. Bd2 Be7 7. Bg2 c6 8. Bc3
d5 9. Ne5 Nfd7 10. Nxd7 Nxd7 11. Nd2 O-O {The most popular move in this
position,another option is 11...f5,which can lead to Stonewall structure.} (
11... f5 12. O-O O-O 13. Rc1 Rc8 14. Bb2 b5 15. c5 b4 16. Nf3 Bb5 17. Qd2 a5
18. Qe3 $14 {1-0 Beliavsky,A-Ashley,M/Las Vegas USA 2001/The Week in Chess 332
(41)}) 12. O-O {This position is the topic of many theoretic discutions.Many
ideas were developed for black and white here.Lets see what they are,white,
mainly wishes to play e4 and to activate his pieces through the center.Black
can choose between: 1.Avoiding e4,by playing f5,but Stonewall setup not
everybody' taste2.To start counterplay on queenside by playing b5 3.Rc8 or Rb8
preparing c5 or b5.4.Nf6 preparing to play c5 in the near future.All the
opportunities are interesting and full of life.} Nf6 (12... b5 $5 13. c5 f5 14.
f4 g5 15. Nf3 gxf4 16. gxf4 Kh8 17. Kh1 Rg8 18. Rg1 Bf6 19. Qd2 Qf8 20. Ba5 Rc8
21. Qe3 $14 {0-1 Karpov,A-Gurevich,M/Cap d'Agde FRA 2000 (50)}) 13. Re1 $5 (13.
e4 {The alternative which proved to be a strong one for a while until black
didn't find few defensive ideas and succeded to get a comfortable game.} b5 $5
14. Re1 {Winants: menaçant 15.e5 suivi de c5 avec étouffement.} dxe4 {Winants:
profitant encore du fait que le Cd2 est lié а la défense du pion c4.} 15. Qc2 (
15. Rc1 Rc8 16. c5 b4 $1 ({après} 16... Nd5 17. Rxe4 {etc., le Fa6 se
retrouverait hors du jeu, Karpov-Portisch, Rotterdam 1989}) 17. Bb2 {forcé} ({
si} 17. Bxb4 Nd5) 17... Bd3 18. Nxe4 Bxe4 19. Bxe4 Qd7 20. Rc4 a5 21. Bc1 Nd5 {
avec égalité, Yussupov-Karpov, Londres 1989}) 15... Rb8 (15... Rc8 {Winants}
16. Rad1 Nd5 $3 17. Bxe4 Nxc3 18. Qxc3 Bf6 19. Qc2 g6 20. Nf3 bxc4 21. bxc4 Qa5
{et les Noirs sont bien.}) 16. Rad1 Qc7 (16... Qc8 $1 17. Ba5 bxc4 18. bxc4 c5
19. Nxe4 cxd4 20. Rxd4 Nxe4 21. Bxe4 f5 22. Bg2 Bf6 23. Rd2 Qxc4 $15 {1/2-1/2
Beliavsky,A-Gershon,A/Ohrid MKD 2001/The Week in Chess 344 (51)}) 17. Bf1 bxc4
18. bxc4 c5 19. d5 $14 {1-0 Zivanic,M-Ostojic,N/Stara Pazova YUG 2001/The Week
in Chess 332 (38)} (19. dxc5 $6 Bb7 20. Nb3 Nd7 21. Qb2 g6 22. Bg2 f5 $17 {
0-1 Timman,J-Anand,V/Wijk aan Zee NED 2001/The Week in Chess 325 (30)})) 13...
Rc8 14. e4 dxe4 (14... b5 $2 15. e5 Ne8 16. c5 $16) 15. Qc2 Bb7 $6 {This is
already adventure.Black give ups for any counterplay letting white to gain a
serious advantage.} (15... b5 $5 {Going to the mainlinee.} 16. Rad1 (16. c5 $2
b4 17. Bxb4 (17. Bb2 Bd3 $15) 17... Qxd4 18. Bc3 Qxc5 19. Nxe4 Nxe4 20. Bxe4 h6
{And white has no compensation for the P.}) 16... Nd5 $5) 16. Nxe4 Nxe4 17.
Bxe4 h6 18. b4 $1 $14 {Black has only one problem-his light square B.Black
will try to play c5,so white is planning to play c5 by himself somewhen.} Bf6
19. Rad1 Rc7 {[%cal Gc7d7]} 20. Re3 Rd7 21. Red3 Qc7 {Black is passive.He is
trying to double rooks on d-file to attack d4 and at the same time to push c5
and to realize his B.} 22. R3d2 (22. c5 $1 Rfd8 23. Bb2 Ba6 24. R3d2 {And
black will suffer a lot until he will manage to get out of this passive
situation.}) 22... Rfd8 (22... c5 $5 {What a opportunity!} 23. Bxb7 (23. bxc5
Bxe4 24. Qxe4 bxc5 25. dxc5 Rxd2 26. Bxd2 Qxc5 27. Be3 Qc7 $11) 23... Qxb7 24.
bxc5 bxc5 25. d5 (25. dxc5 Rxd2 26. Bxd2 Be7 27. Be3 Rc8 {Black has some
chances for a draw.}) 25... Bxc3 26. Qxc3 Rfd8 $11) 23. Bb2 Bg5 $6 (23... c5
24. bxc5 bxc5 $11) 24. f4 Bf6 25. c5 $36 {From now on black position stays
without any counterplay and active ideas.} b5 $2 {This is already too much.
Black is making one big P from his light square B.Now white can easily develop
an attack on black K and black won't be able to do nothing.} (25... a5 $142 $5)
26. Bc3 $1 $16 {[%csl Ga5][%cal Ga2a4,Gd2g2,Gd2a2,Gd1h1,Gd1a1] Avoiding a5!
Preparing sometime a4 and may be enetering with rooks on a-file and it is
always good when rooks can move from a2 to h2 if nessasary.} a6 27. Kh1 Re7 {
Black just waiting.But there is nothing good expecting him.White will play g4
and just ruin black's right coast!} 28. Rd3 {[%cal Gc2g2]} (28. Bg2 Bc8 29. Qe4
Bd7 $16 {[%cal Gd7e8]}) 28... Bc8 $8 {It is now or never!} 29. Qg2 Bd7 30. Qf3
{[%cal Gg3g4]} Be8 {Black managed to remove the B to slightly better place,but
now black is not able to pressure d4,since he can't double rooks due to
weakness on c6!} 31. g4 {[%cal Gd1g1,Gg4g5] Black is helpless against white
initiative.} g6 (31... g5 32. Bd2 $1 $18) 32. f5 $6 {Too early.} (32. Qg3 $142
{[%cal Gh2h4,Gh4h5,Gg4g5] It was better to prepare one of the:f5,g5,h5 and
then to choose between them,while black has to be aware of each one of this
moves!}) 32... g5 $4 {Loosing by force,but why not to exchange first on f5?} (
32... exf5 33. gxf5 g5 34. Re1 Bd7 {[%cal Gd8e8] Would leave black good chance
for buttle.}) 33. fxe6 Qf4 $8 (33... Rxe6 $2 34. Bf5 Re7 35. d5 $18 {[%cal
Gd5d6]}) 34. Qxf4 gxf4 35. exf7+ Kxf7 36. Bf3 $18 {It is just a matter of time
until white will play d5 and slowly win this ending.} Kg7 37. d5 Bxc3 38. Rxc3
cxd5 39. Rxd5 Rxd5 40. Bxd5 Kf6 41. c6 Rc7 42. Kg2 {Black could have already
resigned here,since he has no real chances to survive.He can't move the R and
can't win the c6 P,due to the fact that Pending is lost.The Pf4 will be lost
soon too.} h5 43. h3 hxg4 44. hxg4 Kg5 45. Kf3 {[%csl Rf4][%cal Gc3c5]} Bd7 $4
{Loosing immideatly,but what black could do instead?!} 46. cxd7 Rxc3+ 47. Ke4 {
[%cal Gd7d8,Gc3e3,Ge4d4]} 1-0

[Event "Olympiad-34"]
[Site "Istanbul"]
[Date "2000.11.10"]
[Round "13.3"]
[White "Van der Sterren, Paul"]
[Black "Polgar, Judit"]
[Result "0-1"]
[WhiteElo "2569"]
[BlackElo "2656"]
[Annotator "Rabinovich,Al"]
[PlyCount "82"]
[EventDate "2000.10.28"]
[EventType "team-swiss"]
[EventRounds "14"]
[EventCountry "TUR"]
[SourceTitle "EXT 2001"]
[Source "ChessBase"]
[SourceDate "2000.11.22"]
[SourceVersion "1"]
[SourceVersionDate "2000.11.22"]
[SourceQuality "1"]
[WhiteTeam "Netherlands"]
[BlackTeam "Hungary"]
[WhiteTeamCountry "NED"]
[BlackTeamCountry "HUN"]

1. d4 {Hecht} Nf6 2. c4 e6 3. Nf3 b6 4. g3 Ba6 5. b3 Bb4+ (5... Bb7 6. Bg2 Bb4+
7. Bd2 a5 8. O-O O-O 9. Qc2 d6 10. Nc3 Nbd7 11. Rfe1 {[%cal Ge2e4]} (11. Ne1 {
Probably a harmeless move.} Qc8 12. Rc1 Re8 13. Nb5 Bxg2 14. Nxg2 Qb8 15. a3
Bxd2 16. Qxd2 c6 17. Nc3 d5 $11 {1/2-1/2 Kortschnoj,V-Adams,M/Wijk aan Zee
2000/CBM 75 (22)}) (11. Rad1 Bxc3 12. Bxc3 Be4 13. Qc1 a4 14. Bh3 b5 15. Nd2
axb3 16. axb3 bxc4 17. bxc4 Ra2 18. f3 $6 (18. Nxe4 Nxe4 19. Bg2 $11) 18... Bc2
$15 {0-1 Morovic Fernandez,I-Adams,M/Istanbul TUR 2000/The Week in Chess 313 
(35)}) 11... Bxc3 12. Bxc3 Be4 13. Qb2 a4 14. Bf1 {[%cal Gf3d2,Ge2e4]} c5 15.
Nd2 Bb7 16. b4 a3 17. Qb3 cxd4 18. Bxd4 e5 19. Be3 Qc7 20. Rac1 Qc6 21. f3 Qa4
22. Qb1 d5 $15 {0-1 Topalov,V-Adams,M/Frankfurt GER 2000/The Week in Chess 294
(65)}) 6. Bd2 Be7 7. Bg2 (7. Nc3 Bb7 8. Bg2 O-O 9. O-O Na6 10. Re1 d5 11. cxd5
exd5 12. Ne5 c5 13. Be3 Nc7 14. dxc5 bxc5 15. Na4 Ne6 16. Rc1 Rc8 17. Nd3 Qa5
18. Naxc5 Bxc5 19. Bxc5 Nxc5 20. Rxc5 Rxc5 21. b4 Qxa2 22. bxc5 $16 {1-0 Anand,
V-Gelfand,B/Shenyang CHN 2000/The Week in Chess 305 (41)}) 7... c6 (7... Bb7 8.
Nc3 d5 9. cxd5 exd5 10. O-O O-O 11. Nh4 g6 12. Bg5 Ne4 13. Bxe7 Qxe7 14. Rc1
Na6 15. Qd3 c5 16. Nf3 Rad8 {1/2-1/2 Korchnoi,V-Kramnik,V/Wijk aan Zee NED
2000/The Week in Chess 273 (43) Looks like black has no problems.}) 8. Bc3 d5
9. Ne5 Nfd7 10. Nxd7 Nxd7 11. Nd2 O-O 12. O-O Rb8 {[%cal Gb6b5]} (12... f5 13.
Rc1 Rc8 14. Bb2 Bb7 15. e3 Nf6 {1-0 Van Wely,L-Lautier,J/Wijk aan Zee 1997/CBM
57 (37) Not everybody enjoys of playing Stonewall structure,but this one seems
to be a very interesting one.Although the position looks almost equal,white
still has a slightly better chances.}) (12... Rc8 13. e4 b5 14. Re1 dxc4 15.
bxc4 Nb6 (15... bxc4 $5 16. Qa4 Bb5 17. Qc2 Re8 18. a4 Ba6 19. Rad1 Bf8 20. Nf1
Rb8 21. Ne3 Bb4 22. d5 exd5 23. exd5 c5 {0-1 Sturua,Z-Shariyazdanov,A/Biel SUI
2000/The Week in Chess 300 (82) White didn't succede to prove the compensation
for sacrafised pawn.}) 16. c5 Na4 17. Qc2 $14 {[%csl Ra6] 1-0 Hertneck,G-Wahls,
M/Passau GER 2000/The Week in Chess 276 (29)}) 13. a4 $6 {Not a best move.
First it looks like it preventing b5,but from the other side now pushing e4
will bring white nothing .} (13. Re1 b5 14. e4 bxc4 15. bxc4 dxc4 16. Qa4 Bb5
17. Qc2 {[%cal Ga2a4]} Ba3 18. Nb1 Bd6 (18... Be7 19. Nd2 Ba3 20. Nb1 Be7 21.
Nd2 {1/2-1/2 Danielsen,H-Sax,G/Valby 1994/EXT 98 (21)}) 19. a4 Ba6 20. Nd2 Qc7
{1/2-1/2 Balogh,T-Butnorius,A/Batumi GEO 1999 (22) Black defenetly has no
problems.} (20... Bb4 $5)) 13... Nf6 {[%cal Gc6c5]} 14. e4 c5 15. e5 (15. exd5
exd5 $15) 15... Nd7 16. Re1 cxd4 {Simple and good.Black exchanges few pieces
in the center and leaves white with the weakness on c4.} 17. Bxd4 dxc4 18. Nxc4
Bxc4 19. bxc4 Nc5 20. Bxc5 {White uses an apportunity and transfers the game
into the ending with opposite colour bishops.Unfortunatly it is not getting
easier.} Bxc5 {[%csl Ra4,Rc4,Gc5,Rg2][%cal Gc5f2]} 21. Qc2 (21. Qxd8 Rfxd8 {
[%cal Gd8d2,Gd2f2]} 22. Rad1 Bb4 23. Rf1 Bc3 24. f4 Bd4+ 25. Kh1 Rbc8 $15 {
With good chances for a winning.}) 21... Qc7 $15 {[%csl Ra4,Rc4,Re5]} 22. Rad1
Rbd8 (22... f6 23. Be4 h6 (23... f5 24. Bf3 f4 25. g4 $13) 24. exf6 Rxf6 25.
Re2 Rbf8 26. Rdd2 {[%cal Gg1g2,Gf2f3] And white is holding the position.}) 23.
Qb2 Rxd1 24. Rxd1 Rd8 {[%csl Ra4,Rc4,Re5,Rf2] The simplest choise.Instead of
calculating positions with the rooks in the game,black prefers to play Q and B
against Q and B.. But there is too big difference between the bishops and
existence of 4 pawn weaknesses is not making white's life any easier.} 25. Bf3
g6 26. Rxd8+ {Because of the weaknesses white can't even fight for d-file.}
Qxd8 27. Kg2 {Hecht: '[#] Aktiver schwarzer Läufer bei besserer Bauernstruktur.
'} Qd3 {It is very difficult to defend white position.Black will attack the
white K with at least one piece more,because white bishop can't really stop
the black one.} 28. Qe2 (28. Be2 Qe4+ 29. Kg1 Bd4 $19) 28... Qd7 {[%cal Gd7a4]
Very nice idea.Black forces white to put the Q on c2,afterwards the black Q
will take very important for attack place:D4!} 29. Qc2 Kf8 30. Bd1 (30. Be4
$142 {Hecht oder La8}) 30... Qd4 31. Qe2 h5 {[%cal Gh5h4]} 32. h4 Kg8 33. Bc2
Qc3 {Black gains more space and some good squares for pieces.} 34. Bd3 Kg7 35.
Bc2 Bd4 {Black position is already winning.} 36. f4 {[%csl Rg2]} Bc5 {[%cal
Gc3d4,Gd4g1]} 37. Bd3 {'?' Hecht.} (37. Be4 $1 {Hecht} Qa1 38. Bc6 $15) 37...
Qa1 {[%cal Ga1g1]} 38. Bc2 Qg1+ 39. Kf3 (39. Kh3 {Hecht} Qh1+ 40. Qh2 Qf1+ 41.
Qg2 Qxc4 $17) 39... a5 $22 40. Bb3 Qh1+ 41. Qg2 Qe1 {[%cal Ge1e3,Ge1c3]} 0-1